000 00582nam a2200169 a 4500
005 20140412111315.0
008 001208s19uu xx 00 eng d
020 _a0-7214-0745-5
050 _aER
_bCh461 1982
100 _aDickens, Charles
245 _aChristmas carol /
_cby Charles Dickens ; retold by Joan Collins ; illustrated by Chris Russell of Hurlston Design.
260 _aLoughborough, Leicestershire, UK :
_bLadybird Books Ltd,
_c1982.
300 _a50 p. ; ill.
440 _aLadybird Children's Classic
650 _aChristmas stories -- Fiction
999 _c104200
_d104200